00498nam a22001937a 4500003000400000005001700004008004100021020002200062040000900084082002000093100001500113245001700128250001300145260003000158300001100188630002600199650003500225650004400260OSt20260421115532.0260421b |||||||| |||| 00| 0 eng d a978-93-5482-280-3 cSBCL a894.8123bJOS-K aJose, Lajo aKanya-Mariya a12th ed. aKottayambD C Booksc2025 a174 p. xLiterature & rhetoric aLiteratures of other languages aAltaic, Uralic, Hyperborean & Dravidian